00707cam a22001931 450000100100000000500170001000800410002704000250006808200180009310000490011124500480016026000330020830000210024150000590026265000260032165000300034795201210037799900150049800000475520200929151510.0821027s1951 fr 000 0 fre  aDO-SdBNPbspacBNPHU a843.91bM495c1 aMeersch, Maxence van der,d1907-1951.91381810aCuerpos y almas /cMaxence van der Meersch. aParís :bA. Michel,c1951. a243 p. ;c19 cm. aBasada en la novela del autor de que el mismo título 4aNovela francesa91075 4aLiteratura francesa91074 001052708MOaGRbGRcCTd2009-07-25iLF1l0o843.91 M495cp4755-10r2020-06-25w2020-06-25y2ZPréstamo interno c4561d4561